| 000 | 00000nam 2200000za 4500 |
| 001 | 9.652958 |
| 003 | CaOODSP |
| 005 | 20240508143103 |
| 007 | ta |
| 008 | 150407|1985||||xxc||||| f|0| 0 fre d |
| 020 | |a0-660-54237-4 |
| 040 | |aCaOODSP|bfre |
| 041 | |aeng |
| 041 | |afre |
| 043 | |an-cn--- |
| 086 | 1 |aYX44-1985/III |
| 110 | 1 |aCanada.|bStatuts. |
| 245 | 10|aLois révisées du Canada (1985), Supplément III |
| 260 | |bStatuts, |c1988. |
| 520 | 3 |aLes lois révisées sont également disponibles individuellement. Elles sont vendues en version reliée (par agrafage). On peut se prévaloir du service de commande permanente pour chaque loi individuelle. |
| 776 | 0#|tRevised Statutes of Canada, 1985. 3rd supplement / |w(CaOODSP)9.676807 |
| 791 | |tRevised Statutes of Canada, 1985, Supplement III |eeng|w(CaOODSP)9.652957 |